[Event "Obera op"]
[Site "Obera"]
[Date "2023.02.04"]
[Round "4"]
[White "Amato, Leonel"]
[Black "Ocampos, Ian Guido"]
[Result "1-0"]
[WhiteElo "2108"]
[BlackElo "2201"]
[PlyCount "153"]
[EventDate "2023.02.03"]
[EventType "swiss"]
[EventRounds "6"]
[EventCountry "ARG"]
[SourceTitle "CBM 212 Extra"]
[Source "ChessBase"]
[SourceDate "2023.03.31"]
[SourceVersion "1"]
[SourceVersionDate "2023.03.31"]
[SourceQuality "1"]

1. e4 c5 2. c3 d5 3. exd5 Nf6 4. Nf3 Nxd5 5. d4 cxd4 6. Nxd4 e5 7. Nf3 Nc6 8. Bc4 Be6 9. Bb3 Be7 10. 0-0 0-0 11. Re1 Bc5 12. Qe2 e4 13. Qxe4 Nf6 14. Qf4 Ng4 15. Be3 Nxe3 16. fxe3 Qb6 17. Nbd2 Rad8 18. Kh1 Ne7 19. Nd4 Ng6 20. Qg5 Be7 21. Qh5 Bxb3 22. axb3 a6 23. b4 f5 24. N2f3 Qf6 25. Ra5 b5 26. Raa1 Rd6 27. Rad1 Ne5 28. Nxe5 Qxe5 29. Qf3 Rh6 30. Qf4 Qf6 31. g3 Bd6 32. Qf3 Qe5 33. Ne2 Kh8 34. Rd5 Qe8 35. Red1 Bc7 36. R1d3 Rhf6 37. Rd7 Be5 38. Qd5 Qh5 39. Nf4 Bxf4 40. exf4 Qe2 41. Qg2 Qe1+ 42. Qg1 Qe8 43. Rd2 Re6 44. Qd4 Re1+ 45. Kg2 Re2+ 46. Kf1 Re7 47. Rd8 Qf7 48. Rxf8+ Qxf8 49. Qb6 Re8 50. Rd7 Qg8 51. Qd4 h6 52. Qd5 Rf8 53. Qxg8+ Kxg8 54. Rd6 Ra8 55. Ke2 Kf7 56. Ke3 Re8+ 57. Kd2 Ra8 58. Kd3 Ke7 59. Rb6 h5 60. Kd4 h4 61. gxh4 Rh8 62. Rxa6 Rxh4 63. Ke5 Rxh2 64. Ra7+ Kf8 65. Rb7 Rxb2 66. Rxb5 Rc2 67. Rc5 Ke7 68. Kxf5 Kd6 69. Kg6 Rg2+ 70. Kf7 Rf2 71. f5 g5 72. f6 g4 73. Rg5 Rf4 74. b5 Rc4 75. Kg7 Ke6 76. b6 Rxc3 77. f7 1-0

[Event "ARG-ch sf 97th"]
[Site "Buenos Aires"]
[Date "2022.09.14"]
[Round "8"]
[White "Sepliarsky, Mario"]
[Black "Amato, Leonel"]
[Result "0-1"]
[WhiteElo "2150"]
[BlackElo "2080"]
[PlyCount "86"]
[EventDate "2022.09.08"]
[EventType "swiss"]
[EventRounds "9"]
[EventCountry "ARG"]
[SourceTitle "CBM 210 Extra"]
[Source "ChessBase"]
[SourceDate "2022.11.30"]
[SourceVersion "1"]
[SourceVersionDate "2022.11.30"]
[SourceQuality "1"]

1. d4 Nf6 2. c4 g6 3. Nc3 Bg7 4. g3 0-0 5. Bg2 d6 6. Nf3 Bf5 7. Nh4 Bc8 8. 0-0 e5 9. d5 Nbd7 10. e4 a5 11. Be3 Nc5 12. h3 Ne8 13. Nf3 f5 14. exf5 gxf5 15. Ne1 Qf6 16. f4 e4 17. Rb1 Qg6 18. Ne2 Nf6 19. b3 Bd7 20. a4 Kh8 21. Nc2 Rg8 22. Kh2 Qh6 23. Bd4 Nd3 24. Ne3 Raf8 25. Qd2 Nh5 26. Qc3 Qg6 27. Rg1 Nf6 28. Bf1 Qh5 29. Rd1 c5 30. dxc6 bxc6 31. Rxd3 exd3 32. Qxd3 Re8 33. Kg2 Ne4 34. Nc3 Nxg3 35. Kh2 Nxf1+ 36. Nxf1 Qh6 37. Rg5 c5 38. Bxg7+ Rxg7 39. Rxg7 Qxg7 40. Ne2 Bc6 41. Nfg3 h5 42. h4 Qg4 43. Ng1 Qxh4+ 0-1

[Event "Villa Ballester op 69th"]
[Site "Villa Ballester"]
[Date "2019.01.18"]
[Round "2"]
[White "Amato, Leonel"]
[Black "Martin, Luis Jacinto"]
[Result "1-0"]
[WhiteElo "2049"]
[BlackElo "1696"]
[PlyCount "48"]
[EventDate "2019.01.16"]
[EventType "swiss"]
[EventRounds "9"]
[EventCountry "ARG"]
[SourceTitle "CBM 188 Extra"]
[Source "ChessBase"]
[SourceDate "2019.02.26"]
[SourceVersion "1"]
[SourceVersionDate "2019.02.26"]
[SourceQuality "1"]

1. d4 Nf6 2. Bf4 g6 3. Nc3 d6 4. Qd2 h6 5. 0-0-0 g5 6. Bg3 Nh5 7. e4 c6 8. Be2 Nxg3 9. hxg3 Qa5 10. f4 Bg7 11. Rh5 f6 12. Nh3 Qc7 13. fxg5 fxg5 14. Nxg5 Na6 15. Rf1 Qb6 16. Nf3 Be6 17. Na4 Qb4 18. Qxb4 Nxb4 19. a3 Na2+ 20. Kb1 b5 21. Nc3 Nxc3+ 22. bxc3 Bf7 23. Rf5 Bg6 24. Rf4 Rb8 1-0

[Event "ARG-chT"]
[Site "Villa Martelli"]
[Date "2018.08.04"]
[Round "5.1"]
[White "Villanueva, Mario Nicolas"]
[Black "Amato, Leonel"]
[Result "1-0"]
[WhiteElo "2481"]
[BlackElo "2042"]
[PlyCount "111"]
[EventDate "2018.07.07"]
[EventType "team-swiss"]
[EventRounds "9"]
[EventCountry "ARG"]
[SourceTitle "CBM 187 Extra"]
[Source "ChessBase"]
[SourceDate "2018.11.04"]
[SourceVersion "1"]
[SourceVersionDate "2018.11.04"]
[SourceQuality "1"]
[WhiteTeam "Ushuaia Jaque Mate"]
[BlackTeam "Tren Verde"]
[WhiteTeamCountry "ARG"]
[BlackTeamCountry "ARG"]

1. e4 e6 2. d4 d5 3. Nd2 dxe4 4. Nxe4 Nd7 5. Nf3 Ngf6 6. Nxf6+ Nxf6 7. c3 c5 8. Ne5 a6 9. Be3 cxd4 10. Bxd4 Bd6 11. Bd3 0-0 12. Qf3 Qc7 13. Nc4 e5 14. Bb6 Qe7 15. Qe3 Re8 16. 0-0-0 Bc7 17. Bxc7 Qxc7 18. Qb6 Qxb6 19. Nxb6 Rb8 20. Rhe1 Bg4 21. f3 Bh5 22. g4 Bg6 23. Bxg6 hxg6 24. Nc4 e4 25. Nd6 Re5 26. Nxe4 Nxg4 27. fxg4 Rbe8 28. g5 Rxe4 29. Rxe4 Rxe4 30. Rd8+ Kh7 31. Rd7 b5 32. Rxf7 Rg4 33. Ra7 Rxg5 34. Rxa6 Rg1+ 35. Kc2 Rg2+ 36. Kb3 Rxh2 37. a4 bxa4+ 38. Rxa4 g5 39. Rg4 Kg6 40. c4 Kf5 41. Rg1 g4 42. c5 g5 43. c6 Kf4 44. c7 Rh8 45. Rc1 Rc8 46. Kb4 g3 47. Kb5 g2 48. Kc6 Kf3 49. Kd7 Rxc7+ 50. Kxc7 g4 51. b4 Kf2 52. b5 g3 53. b6 g1Q 54. Rxg1 Kxg1 55. b7 g2 56. b8Q 1-0

[Event "Villa Ballester op 68th"]
[Site "Villa Ballester"]
[Date "2018.01.24"]
[Round "6.10"]
[White "Amato, Leonel"]
[Black "Paveto, Kevin"]
[Result "0-1"]
[WhiteElo "2068"]
[BlackElo "2407"]
[PlyCount "68"]
[EventDate "2018.01.19"]
[EventType "swiss"]
[EventRounds "9"]
[EventCountry "ARG"]
[SourceTitle "EXT 2024"]
[Source "ChessBase"]
[SourceDate "2023.10.10"]
[SourceVersion "1"]
[SourceVersionDate "2023.10.10"]
[SourceQuality "1"]

1. e4 c5 2. Nf3 d6 3. g3 Nc6 4. Bg2 g6 5. 0-0 Bg7 6. d3 e6 7. c3 Nge7 8. Nh4 0-0 9. f4 f5 10. Na3 Rb8 11. exf5 gxf5 12. Nf3 b5 13. Nc2 b4 14. c4 b3 15. axb3 Rxb3 16. Na3 Rb4 17. Nb5 a6 18. Nc3 Nd4 19. Nxd4 Bxd4+ 20. Kh1 Qb6 21. Re1 Bf6 22. Qf3 Rb3 23. Ra2 Bd7 24. Nd1 Nc6 25. g4 Nd4 26. Qg3 Kh8 27. Nf2 Qb4 28. Nh3 fxg4 29. Ng5 Bxg5 30. fxg5 Rxd3 31. Qh4 Rh3 32. Bxh3 Bc6+ 33. Bg2 Bxg2+ 34. Kxg2 Qb7+ 0-1

[Event "Villa Martelli ProAm op 24th"]
[Site "Villa Martelli"]
[Date "2017.10.05"]
[Round "6"]
[White "Amato, Leonel"]
[Black "Olivera, Horacio"]
[Result "0-1"]
[WhiteElo "2013"]
[BlackElo "2097"]
[PlyCount "96"]
[EventDate "2017.10.01"]
[EventType "swiss"]
[EventRounds "9"]
[EventCountry "ARG"]
[SourceTitle "CBM 181 Extra"]
[Source "ChessBase"]
[SourceDate "2017.12.12"]
[SourceVersion "1"]
[SourceVersionDate "2017.12.12"]
[SourceQuality "1"]

1. d4 Nf6 2. Bf4 d6 3. Nc3 Nbd7 4. Nf3 c6 5. e3 Qa5 6. Qd2 e5 7. Bg3 Be7 8. Be2 0-0 9. 0-0 Re8 10. a3 Bf8 11. Bc4 exd4 12. exd4 Qd8 13. Rfe1 Rxe1+ 14. Rxe1 Nb6 15. Bd3 Bg4 16. Ng5 Qd7 17. Nce4 Nxe4 18. Nxe4 Bf5 19. Qf4 Bg6 20. h4 h6 21. f3 Nd5 22. Qd2 b5 23. b3 Nc7 24. h5 Bh7 25. Bh4 Ne6 26. c3 d5 27. Ng3 Bxd3 28. Qxd3 Be7 29. Nf5 Bxh4 30. Nxh4 Qe7 31. Nf5 Qf6 32. g4 Re8 33. Ng3 Qh4 34. f4 Qxg4 35. f5 Nc7 36. Rxe8+ Nxe8 37. Qe3 Nf6 38. Kf2 Nxh5 39. Nxh5 Qxh5 40. Qf4 Kh7 41. a4 bxa4 42. bxa4 Qg5 43. Qe5 Qd2+ 44. Kg1 Qd1+ 45. Kf2 Qxa4 46. f6 Qc2+ 47. Kf1 Qc1+ 48. Kf2 Qg5 0-1

[Event "ARG-chT"]
[Site "Villa Martelli"]
[Date "2017.08.26"]
[Round "4.2"]
[White "Duarte, Gonzalo"]
[Black "Amato, Leonel"]
[Result "0-1"]
[WhiteElo "1959"]
[BlackElo "2013"]
[PlyCount "80"]
[EventDate "2017.08.05"]
[EventType "team-swiss"]
[EventRounds "9"]
[EventCountry "ARG"]
[SourceTitle "CBM 180 Extra"]
[Source "ChessBase"]
[SourceDate "2017.10.06"]
[SourceVersion "1"]
[SourceVersionDate "2017.10.06"]
[SourceQuality "1"]
[WhiteTeam "Ventajedrez Plastigal"]
[BlackTeam "Tren Verde"]
[WhiteTeamCountry "ARG"]
[BlackTeamCountry "ARG"]

1. d4 f5 2. g3 Nf6 3. Bg2 e6 4. c4 c6 5. Qc2 d5 6. Nh3 Bd6 7. Bf4 0-0 8. 0-0 b5 9. cxb5 cxb5 10. Nd2 Qb6 11. Nf3 Bd7 12. Ne5 Ne4 13. Nxd7 Nxd7 14. Qd3 Rac8 15. Bxd6 Nxd6 16. Nf4 Nc4 17. b3 Na3 18. Rac1 b4 19. Qe3 Kf7 20. g4 fxg4 21. Nxd5 exd5 22. Bxd5+ Kf6 23. Qf4+ Ke7 24. Qe4+ Kd8 25. Rxc8+ Kxc8 26. Be6 Kd8 27. Rc1 Nb5 28. Bxd7 Kxd7 29. Rc5 Rf6 30. Qxg4+ Ke8 31. Qc8+ Ke7 32. Re5+ Kd6 33. e3 Nc3 34. Qe8 Rg6+ 35. Kh1 Qc6+ 36. Qxc6+ Kxc6 37. Rc5+ Kd6 38. Rh5 Nxa2 39. e4 Nc3 40. Rh4 a5 0-1